LEADER 02569oam 2200661I 450 001 9910455217603321 005 20200520144314.0 010 $a1-134-56263-2 010 $a1-280-31797-3 010 $a0-203-46894-5 010 $a0-203-24483-4 024 7 $a10.4324/9780203468944 035 $a(CKB)111056485545380 035 $a(EBL)167079 035 $a(OCoLC)808001565 035 $a(SSID)ssj0000099577 035 $a(PQKBManifestationID)11124671 035 $a(PQKBTitleCode)TC0000099577 035 $a(PQKBWorkID)10014372 035 $a(PQKB)10483975 035 $a(MiAaPQ)EBC167079 035 $a(Au-PeEL)EBL167079 035 $a(CaPaEBR)ebr10054264 035 $a(CaONFJC)MIL31797 035 $a(OCoLC)52053714 035 $a(EXLCZ)99111056485545380 100 $a20180331d2000 uy 0 101 0 $aeng 135 $aur|n|---||||| 181 $ctxt 182 $cc 183 $acr 200 10$aAesthetic order $ea philosophy of order, beauty and art /$fRuth Lorand 210 1$aLondon ;$aNew York :$cRoutledge,$d2000. 215 $a1 online resource (337 p.) 225 1 $aRoutledge studies in twentieth century philosophy 300 $aDescription based upon print version of record. 311 $a0-415-64574-3 311 $a0-415-23602-9 320 $aIncludes bibliographical references and index. 327 $aBook Cover; Title; Contents; Acknowledgements; Permissions; Introduction; Understanding order; What is order?; What is disorder?; Two types of order; Discursive order: the conventional concept; Beyond discursive order; Bergson: the unpredictable order; Aesthetic order: quantitative analysis; Aesthetic order: qualitative analysis (I); Aesthetic order: qualitative analysis (II); Relations and interactions; Aesthetic queries; Understanding beauty; Defining art; References; Index 330 $aAesthetic Order challenges contemporary theories of aesthetics, offering the idea of beauty as quantitative yet different from the traditional discursive order. It will be of importance to all interested in aesthetic theory. 410 0$aRoutledge studies in twentieth century philosophy. 606 $aAesthetics 606 $aPhilosophy 608 $aElectronic books. 615 0$aAesthetics. 615 0$aPhilosophy. 676 $a111.85 676 $a111/.85 700 $aLorand$b Ruth.$0930179 801 0$bMiAaPQ 801 1$bMiAaPQ 801 2$bMiAaPQ 906 $aBOOK 912 $a9910455217603321 996 $aAesthetic order$92092230 997 $aUNINA LEADER 02886nam 2200493 u 450 001 9910591156903321 005 20221014145954.0 010 $a9789240002760 035 $a(MiAaPQ)EBC31498654 035 $a(Au-PeEL)EBL31498654 035 $a(CKB)24831969800041 035 $a(EXLCZ)9924831969800041 100 $a20220906d2020 uy 0 101 0 $afre 135 $aur||||||||||| 181 $ctxt$2rdacontent 182 $cc$2rdamedia 183 $acr$2rdacarrier 200 10$aManuel de surveillance de la couverture vaccinale contre le papillomavirus humain (?PVH)? /$fOrganisation mondiale de la Santé 205 $a1st ed. 210 1$aGenève :$cOrganisation mondiale de la Santé,$d2020. 215 $a1 ressource en ligne (iv, 40 pages) 311 08$aVersion imprimée : 9789240002777 320 $aContient des références bibliographiques 327 $aIntro -- Préface -- 1. Introduction -- 1.1 Contexte de la vaccination anti-PVH -- 1.2 Surveillance de la couverture vaccinale anti-PVH : objectifs, besoins en données et enjeux -- 1.3 Considérations pour la vaccination en milieu scolaire -- 1.4 Implications de la vaccination anti-PVH de manière continue versus périodique -- 2. Outils pour l'enregistrement et la notification de la vaccination anti-PVH -- 2.1 Types de données et outils de notification requis -- 2.2 Feuilles de pointage -- 2.3 Registres de vaccination -- 2.4 Fiches de vaccination conservées à domicile -- 2.5 Inventaire des stocks et surveillance des pertes -- 2.6 Rapports de synthèse mensuels -- 2.7 Suivi des doses et des personnes perdues de vue -- 3. Surveillance de la couverture vaccinale -- 3.1 Couverture administrative -- 3.2 Enquêtes sur la couverture vaccinale -- 3.3 Suivi des abandons entre le PVH1 et le PVH2 -- 4. Dernières remarques -- Annexe 1 : Collecte des données sur la vaccination anti-PVH avec le formulaire commun OMS/UNICEF de -- Annexe 2 : Utilisation d'un indicateur synthétique de la couverture vaccinale anti-PVH -- Annexe 3 : Estimations de la population cible pour la vaccination anti-PVH. 606 $aPapillomaviridae 606 $aPapillomavirus Vaccines 606 $aNational Health Programs 606 $aPapillomavirus$2idref 606 $aVaccins contre les papillomavirus$2idref 606 $aProgrammes nationaux de santé$2idref 615 2$aPapillomaviridae. 615 2$aPapillomavirus Vaccines. 615 2$aNational Health Programs. 615 7$aPapillomavirus. 615 7$aVaccins contre les papillomavirus. 615 7$aProgrammes nationaux de santé. 712 02$aWorld Health Organization,$4edt 801 2$bBeLU 801 0$bBeLU 801 1$bBeLU 912 $a9910591156903321 996 $aManuel de surveillance de la couverture vaccinale contre le papillomavirus humain (?PVH)?$92910028 997 $aUNINA LEADER 03095nas a2200577 i 4500 001 991002576269707536 005 20251127160625.0 008 011205m19309999it || | |ita 022 $a0012-3420 035 $ab11678677-39ule_inst 035 $aPERLE003123 080 $aCDU 347.78 082 04$a346.048205 222 3$aIl Diritto di autore 245 03$aIl diritto di autore :$brivista giuridica trimestrale della Società italiana degli autori ed editori 260 $aRoma-Milano,$c1930- 310 $aTrimestrale 362 0 $aA. 1, n. 1 (gen.-mar. 1930)- 500 $aIl sottotitolo varia 500 $aL'editore varia 500 $aNon pubblicato dal 1944 al 1946 500 $aNel 2020 pubblicato solo in formato elettronico 591 $aCodice CNR: P 00053273 592 $aLE025 2000;2002-2008. Lac.: 2000;2002;2008. 592 $aLE027 2001- 592 $aLE029 1984; 1986-1989; 1991-2008; lac. 2008 710 2 $aSocietá Italiana degli Autori ed Editori 907 $a.b11678677$b23-10-14$c08-07-02 912 $a991002576269707536 945 $aLE029$g1$lle029$o-$pE0.00$q-$rn$so$t18$u0$v0$w0$x0$y.i11905980$z08-07-02 945 $aLE029$c2001$g1$lle029$on$pE57.38$q-$rn$so$t18$u0$v0$w0$x0$y.i1310679x$z13-02-04 945 $aLE029$c2003$g1$lle029$on$pE59.80$q-$rn$so$t18$u0$v0$w0$x0$y.i13959797$z10-12-04 945 $aLE029$c2002$g1$lle029$on$pE59.40$q-$rn$so$t18$u0$v0$w0$x0$y.i1406747x$z13-05-05 945 $aLE029$c2004$g1$lle029$on$pE56.65$q-$rn$so$t18$u0$v0$w0$x0$y.i14375849$z22-02-07 945 $aLE029$c2005$g1$lle029$on$pE58.75$q-$rn$so$t18$u0$v0$w0$x0$y.i14375850$z22-02-07 945 $aLE029$c2006$g1$lle029$on$pE56.65$q-$rn$so$t18$u0$v0$w0$x0$y.i14578190$z11-10-07 945 $aLE029$c2007$g1$lle029$op$pE54.00$q-$rn$so$t18$u0$v0$w0$x0$y.i15017710$z22-10-09 945 $aLE029$c2008$g1$lle029$op$pE60.00$q-$rn$so$t18$u0$v0$w0$x0$y.i15017722$z22-10-09 945 $aLE025$g1$lle025$nAnno 2003$on$pE52.00$q-$rn$so$t18$u0$v0$w0$x0$y.i11905979$z08-07-02 945 $aLE025$g1$lle025$nAbbonamento 2004$op$pE52.00$q-$rn$so$t18$u0$v0$w0$x0$y.i13223288$z23-03-04 945 $aLE025$g1$lle025$nAnno 2005$on$pE52.00$q-$rn$so$t18$u0$v0$w0$x0$y.i14068126$z13-05-05 945 $aLE025$g1$lle025$nAnno 2006$on$pE54.00$q-$rn$so$t18$u0$v0$w0$x0$y.i14185404$z30-01-06 945 $aLE025$g1$i000000000000$lle025$nAbbonamento 2007$on$pE55.56$q-$rn$so$t18$u0$v0$w0$x0$y.i14455833$z21-05-07 945 $aLE027$g1$lle027$o-$pE0.00$q-$rn$so$t18$u0$v0$w0$x0$y.i11905967$z08-07-02 945 $aLE027$c2003$g0$iLE027-11387$lle027$on$pE52.00$q-$rn$so$t18$u0$v0$w0$x0$y.i12522776$z22-05-03 945 $aLE027$c2004$g1$lle027$on$pE52.00$q-$rn$so$t18$u0$v0$w0$x0$y.i13888961$z05-10-04 945 $aLE027$c2005$g1$lle027$on$pE52.00$q-$rn$so$t18$u0$v0$w0$x0$y.i13986685$z18-01-05 945 $aLE027$c2014$g1$iLE027-33802$lle027$op$pE75.00$q-$rl$so$t18$u0$v0$w0$x0$y.i15638996$z23-10-14 996 $aDiritto di autore$9608825 997 $aUNISALENTO 998 $a(9)le029$a(11)le025$a(4)le027$b01-01-01$cs$da$e-$fita$git$h3$i24